Develop your teaching : a professional development pack for mathematics-and other-teachers
Αποθηκεύτηκε σε:
| Μορφή: | Βιβλίο |
|---|---|
| Γλώσσα: | English |
| Δημοσίευση: |
Leckhampton :
The Mathematical Asssociation, Stanley Thornes,
1991
|
| Θέματα: | |
| Ετικέτες: |
Προσθήκη ετικέτας
Δεν υπάρχουν, Καταχωρήστε ετικέτα πρώτοι!
|
MARC
| LEADER | 00000nam a2200000 i 4500 | ||
|---|---|---|---|
| 001 | 1/87444 | ||
| 008 | 970409s1991 eng d | ||
| 020 | |a 07487-0530-9 | ||
| 035 | |a 1991 |b 3 |c Δωρεά |l 10035242 | ||
| 040 | |a GR-MY-UA |b gre |e aacr | ||
| 041 | 0 | |a eng | |
| 082 | 0 | |a 371.1 | |
| 245 | 1 | 0 | |a Develop your teaching : |b a professional development pack for mathematics-and other-teachers |
| 260 | |a Leckhampton : |b The Mathematical Asssociation, |b Stanley Thornes, |c 1991 | ||
| 300 | |a 144 p. | ||
| 650 | 0 | 0 | |a The Mathematical Association. |
| 852 | |a INST |b RHODES |e 19970409 |h 371.1 DEV |p 005400010634 |q 005400010634 |t BK |y 0 | ||
| 909 | |a Ρ |b 022239 |c 1991 | ||